Full House Characters Slideshow Quiz Stats

 Plays Quiz Updated Feb 6, 2015

Challenge
Share
Tweet
Score 0/24 Timer 07:00
2 Plays Today
% Correct
Jesse Katsopolis
93.5%
Danny Tanner
92.1%
DJ Tanner
92%
Joey Gladstone
91.9%
Michelle Tanner
90.1%
Stephanie Tanner
89.7%
Kimmy Gibbler
88.7%
Rebecca Donaldson Katsopolis
83.6%
Steve Hale
70.2%
Nicky and Alex
62.3%
Teddy
46.5%
Vicky Larson
39.3%
% Correct
Viper
35.8%
Gia Mahan
35.6%
Walter F. Berman
27.9%
Denise Frazer
27.7%
Rusty
24.4%
Nelson
23.5%
Aaron Bailey
22.8%
Derek S. Boyd
22.6%
Harry Takayama
20%
Rigby the Rhino
19.6%
Duane
17.5%
Mrs. Carruthers
8.8%

You're not logged in!

Compare scores with friends on all Sporcle quizzes.
OR
Log In

You Might Also Like...

Show Comments

Extras

Top Quizzes Today


Score Distribution

Your Account Isn't Verified!

In order to create a playlist on Sporcle, you need to verify the email address you used during registration. Go to your Sporcle Settings to finish the process.

Report this User

Report this user for behavior that violates our Community Guidelines.

Details: